000 00651nam a2200217Ii 4500
003 JO-AjNU
008 230605s9999||||xx |||||||||||||| ||und||
017 _a1970/2725
040 _aJO-AjNU
_bara
_erda
_cJO-AjNU
041 _aara
050 1 4 _aML420.U46.N36 1970
100 3 _aالنقاش، رجاء تأليف,
_eauthor
_939088
245 0 0 _aكلمات في الفن
250 _a-
264 3 1 _aالقاهرة:مكتبة الأنجلو المصرية، 1970
300 _a305ص
336 _atext
_btxt
_2rdacontent
337 _aunmediated
_bn
_2rdamedia
338 _avolume
_bnc
_2rdacarrier
650 4 _aفن-سينمائيات
_939089
999 _aA16479
_c20047
_d20047